000 00707cam a2200133 4500500
005 20260405011531.0
041 _afre
042 _adc
100 1 0 _aPrédal, René
_eauthor
245 0 0 _aLe cinéma français des années 1990
260 _bArmand Colin,
_c2008.
520 _a- Une étude portant un regard critique sur l’ensemble de la production française de la période aussi bien sur les films dits d’auteurs que sur les productions plus commerciales, plus grand public.- Un livre-bilan sur une période très riche de la production cinématographique nationale
856 4 1 _uhttps://shs.cairn.info/le-cinema-francais-des-annees-1990--9782200354534?lang=fr&redirect-ssocas=7080
999 _c2095550
_d2095550